000 00530nam a2200193Ia 4500
003 GCL
008 140319s9999 xx 000 0 ara d
040 _aGCL /
_cGCL
082 0 4 _a813.01
_bخ و
100 1 _aخيرى شلبى
245 1 0 _aالوتد: رباعية /
_cخيرى شلبى
300 _a111
490 _aكتاب
_v0
650 0 4 _aالادب العربى
650 0 4 _aالعصر الحديث
650 0 4 _aالقصص القصيرة
650 0 4 _aالقصص العربية القصيرة
942 _2ddc
_cBK
999 _c41104
_d41104